000 00697nam a22001937a 4500
003 BD-DhUL
005 20190103142042.0
008 150810s1991 bg a|||| m||| 00| 0deng d
040 _aBD-DhUL
_cBD-DhUL
082 _a304.2
_bBES
100 1 0 _aBegum, Magfera
245 1 0 _aSpatial organization and variations in Socio-economic characteristice in Dhaka city : an ecological study /
_cMagfera Begum
_h[M.Phil Thesis]
260 _aDhaka :
_bUniversity of Dhaka ,
_c1991.
300 _aix, 193 p. :
_bill. ;
_c29 cm.
500 _aThesis (Ph.D.) Dept. of Geography, University of Dhaka, 1991.
504 _aIncludes of bibliographical refernces.
650 0 0 _aHuman ecology
942 _2ddc
_cREF
999 _c41478
_d41478